[Event "Challenge"]
[Site "http://www.queenalice.com/game.php?id=314681"]
[Date "2007.12.4"]
[Round "-"]
[White "fferraz"]
[Black "brunnosgarcia"]
[Result "0-1"]
[WhiteElo "1338"]
[BlackElo "1073"]

1. e3 d5 2. Nc3 c6 3. f4 h5 4. h4 a5 5. a4 g6 6. b3 b6 7. d4 e6 8. Nf3 Nf6 9.
Ng5 Ng4 10. e4 Ra7 11. exd5 cxd5 12. Bb5+ Bd7 13. Qe2 Nf6 14. Nxe6 fxe6 15.
Qxe6+ Qe7 16. Bxd7+ Nbxd7 17. Qxe7+ Kxe7 18. Kf2 Rc7 19. Re1+ Kf7 20. Re5 Nxe5
21. fxe5 Ng4+ 22. Kg3 Rxc3+ 23. Kf4 Bh6# 0-1

[Event "Vai lá...."]
[Site "http://www.queenalice.com/game.php?id=316859"]
[Date "2007.12.8"]
[Round "-"]
[White "brunnosgarcia"]
[Black "fferraz"]
[Result "0-1"]
[WhiteElo "1116"]
[BlackElo "1274"]

1. d4 d5 2. c3 e6 3. f4 Bd6 4. e3 Nh6 5. Qh5 g6 6. Qxh6 Bf8 7. Qxf8+ Rxf8 8. b3
a5 9. Ba3 Rg8 10. Bb5+ c6 11. Bd3 Qh4+ 12. g3 Qg4 13. Ne2 Qf3 14. Rf1 Qxe3 15.
Bc2 e5 16. Nd2 Bg4 17. Rf3 Bxf3 18. Nxf3 Qxf3 19. Rd1 Qh1+ 20. Kd2 Qxh2 21. Kc1
Qxe2 22. Bd3 Qxa2 23. Rd2 Qxa3+ 24. Kd1 Qxb3+ 25. Rc2 exd4 26. Kd2 c5 27. Bb5+
Qxb5 28. Ra2 dxc3+ 0-1

[Event "Challenge"]
[Site "http://www.queenalice.com/game.php?id=318889"]
[Date "2007.12.12"]
[Round "-"]
[White "Red1"]
[Black "brunnosgarcia"]
[Result "0-1"]
[WhiteElo "1193"]
[BlackElo "1175"]

1. d4 e6 2. e4 Bb4+ 3. Bd2 Bd6 4. Be2 c6 5. Nf3 f5 6. exf5 exf5 7. Bd3 Nf6 8.
Bxf5 O-O 9. Ne5 Bxe5 10. dxe5 Nd5 11. b3 Rxf5 12. Bc3 Nxc3 13. Nxc3 Rxe5+ 14.
Ne2 Qf6 15. f4 Qh4+ 16. g3 Qg4 17. fxe5 d5 18. exd6 Na6 19. h3 Qf3 20. Rf1 Qg2
21. Nf4 Qxg3+ 22. Ke2 Bxh3 23. Rg1 Qxf4 24. Qe1 Re8+ 25. Kd1 Qd4+ 26. Kc1 Qxa1+
27. Kd2 Rxe1 28. Rxe1 Qxa2 29. Ke3 Qxc2 30. d7 Bxd7 31. Re2 Qxb3+ 0-1

[Event "Challenge"]
[Site "http://www.queenalice.com/game.php?id=319221"]
[Date "2007.12.12"]
[Round "-"]
[White "angelo_lucas10"]
[Black "brunnosgarcia"]
[Result "1-0"]
[WhiteElo "1104"]
[BlackElo "1184"]

1. e4 d5 2. e5 g5 3. Bb5+ Bd7 4. Bd3 e6 5. Nf3 Nc6 6. O-O Qe7 7. c4 Nb4 8. Qe2
h6 9. a3 Nxd3 10. Qxd3 O-O-O 11. a4 a5 12. Qd4 b6 13. Ra3 Qf6 14. cxd5 Qf5 15.
Nc3 Ne7 16. Qc4 Nc6 17. Qa6+ Kb8 18. Nb5 Qe4 19. d3 Qe2 20. Re1 Qc2 21. Nbd4
Nxd4 22. Nxd4 Qc5 23. Rc3 Qxd4 24. Be3 Qxd5 25. Rec1 Qxe5 26. Rxc7 Bd6 27. Rb7#
1-0

[Event "Desistiu?"]
[Site "http://www.queenalice.com/game.php?id=319698"]
[Date "2007.12.13"]
[Round "-"]
[White "brunnosgarcia"]
[Black "fferraz"]
[Result "0-1"]
[WhiteElo "1097"]
[BlackElo "1203"]

1. d4 Nc6 2. e3 e5 3. Be2 exd4 4. exd4 Qf6 5. Qd3 Nxd4 6. Bd1 Bb4+ 7. Bd2 a5 8.
a3 Bd6 9. c3 Nf5 10. Nf3 Ra6 11. O-O Nh4 12. Qe3+ Ne7 13. g3 Nf5 14. a4 Nxe3 15.
Bxe3 Nd5 16. Bd4 Qh6 17. Re1+ Kd8 18. Ra3 Re8 19. Rf1 Re4 20. Be3 Qh3 21. Bg5+
f6 22. Bd2 g5 23. Bb3 Nf4 24. Bf7 Ne2+ 25. Kh1 Qxf1+ 26. Ng1 Qxg1# 0-1

[Event "AUTO-BEG-165"]
[Site "http://www.queenalice.com/game.php?id=320266"]
[Date "2007.12.15"]
[Round "1"]
[White "brunnosgarcia"]
[Black "rocrico"]
[Result "0-1"]
[WhiteElo "1160"]
[BlackElo "1283"]

1. e4 e5 2. d3 d6 3. h4 Nf6 4. Nd2 Nc6 5. f3 Be7 6. Rh3 O-O 7. Nb3 Bxh3 8. Nxh3
Nd4 9. Na5 b6 10. Nb7 Qc8 11. Nxd6 Bxd6 12. Bd2 Qd7 13. c3 Nb5 14. a4 Nxc3 15.
Bxc3 Bc5 16. Qb3 Nh5 17. Bxe5 Rfe8 18. Bc3 Ng3 19. O-O-O Nxf1 20. Rxf1 Be3+ 21.
Kb1 Qxd3+ 22. Ka2 Qxf1 23. Qc2 Qc4+ 24. b3 Qc5 25. Qb2 h6 26. Qe2 Bc1 27. Nf2
Qa3+ 28. Kb1 Rad8 29. Qc2 Be3 30. Ng4 Bf4 31. Nf2 Rd6 32. Bb4 Qxb4 33. Qxc7 Qe1+
0-1

[Event "AUTO-BEG-165"]
[Site "http://www.queenalice.com/game.php?id=320267"]
[Date "2007.12.15"]
[Round "1"]
[White "rocrico"]
[Black "brunnosgarcia"]
[Result "1-0"]
[WhiteElo "1294"]
[BlackElo "1160"]

1. e4 e5 2. d3 d6 3. Nf3 f6 4. Nc3 a5 5. Nh4 Ra6 6. d4 Rc6 7. d5 Rc5 8. Na4 b6
9. Nxc5 dxc5 10. Bb5+ Nd7 11. O-O Nh6 12. Nf5 Bb7 13. d6 cxd6 14. Nxd6+ Bxd6 15.
Qxd6 Bxe4 16. Qe6+ Kf8 17. Bxd7 Bxc2 18. Qd6+ Kf7 19. Rd1 Bxd1 20. Be3 Bg4 21.
Qd5+ Kf8 22. f3 Bxd7 23. Rd1 Nf5 24. Bf2 g5 25. g4 Nh4 26. Qd6+ Kf7 27. Bg3
Nxf3+ 28. Kf2 Nd4 29. Qd5+ Be6 30. Qb7+ Kg6 31. Qe4+ Kf7 32. h4 Qd6 33. Qb7+ Kg6
34. h5+ Kh6 35. Rd3 1-0

[Event "AUTO-BEG-165"]
[Site "http://www.queenalice.com/game.php?id=320268"]
[Date "2007.12.15"]
[Round "1"]
[White "brunnosgarcia"]
[Black "KingofTara"]
[Result "1-0"]
[WhiteElo "1118"]
[BlackElo "1343"]

1. e4 e5 2. d3 Nc6 3. Bd2 Nd4 4. c3 Ne6 5. Na3 Bxa3 6. bxa3 Nf6 7. Bg5 Nxg5 8.
f3 d5 9. Qe2 O-O 10. Qe3 h6 11. Be2 Ne6 12. Nh3 d4 13. Qd2 c5 14. c4 Bd7 15. Rb1
b6 16. O-O 1-0

[Event "AUTO-BEG-165"]
[Site "http://www.queenalice.com/game.php?id=320269"]
[Date "2007.12.15"]
[Round "1"]
[White "KingofTara"]
[Black "brunnosgarcia"]
[Result "0-1"]
[WhiteElo "1343"]
[BlackElo "1079"]

1. e4 e5 2. Nf3 d6 3. d4 f6 4. d5 Nh6 5. Bxh6 gxh6 6. Nc3 Bg4 7. Be2 Na6 8. a3
Qd7 9. h3 Bh5 10. g4 Bg6 11. Qd2 O-O-O 12. Bxa6 bxa6 13. Qe3 c5 14. O-O-O a5 15.
a4 Rg8 0-1

[Event "Vamo de novo...rs"]
[Site "http://www.queenalice.com/game.php?id=330550"]
[Date "2008.1.4"]
[Round "-"]
[White "brunnosgarcia"]
[Black "fferraz"]
[Result "0-1"]
[WhiteElo "1197"]
[BlackElo "1270"]

1. Na3 e6 2. e4 d5 3. f3 dxe4 4. fxe4 Qf6 5. Qe2 Bc5 6. Nh3 e5 7. Qb5+ c6 8.
Qxc5 Nd7 9. Qb4 c5 10. Qb5 a6 11. Qc4 b5 12. Qc3 b4 13. Qb3 Qh4+ 14. Ke2 Qxe4+
15. Kf2 h5 16. d3 Qd4+ 17. Ke2 Rh6 18. Bxh6 gxh6 19. Re1 Ndf6 20. Nc4 Bg4+ 21.
Kd2 Ne4+ 22. Rxe4 Qd7 23. Rxe5+ Kf8 24. g3 Re8 25. Rxe8+ Qxe8 26. d4 Qd7 27. Bg2
Qxd4+ 28. Kc1 Nf6 29. Nf2 Qxf2 30. Qa4 Qxg2 31. Re1 Bd7 32. Qb3 Nd5 33. Nd6 Qf2
34. Qd3 c4 35. Qd1 Bg4 36. Ne4 Qg2 37. Re2 Bxe2 38. Qd2 Qxe4 39. h3 Qh1+ 0-1

[Event "vo tenta de novo...."]
[Site "http://www.queenalice.com/game.php?id=336576"]
[Date "2008.1.14"]
[Round "-"]
[White "brunnosgarcia"]
[Black "fferraz"]
[Result "0-1"]
[WhiteElo "1192"]
[BlackElo "1299"]

1. d3 d5 2. Nc3 d4 3. Ne4 f5 4. Ng5 e5 5. Qd2 h6 6. N5h3 f4 7. Nf3 g5 8. Nxe5
Qd5 9. Ng6 Rh7 10. Nxf8 Kxf8 11. Qb4+ c5 12. Qa4 Re7 13. Qa5 b6 14. Qb5 Bg4 15.
f3 Bxh3 16. gxh3 Qxf3 17. Qc4 Qxh1 18. Kd2 Qxf1 19. Qd5 Qxe2# 0-1

[Event "Challenge"]
[Site "http://www.queenalice.com/game.php?id=340239"]
[Date "2008.1.22"]
[Round "-"]
[White "brunnosgarcia"]
[Black "sdbrasil"]
[Result "0-1"]
[WhiteElo "1180"]
[BlackElo "1168"]

1. e4 e5 2. a4 Nf6 3. Nc3 Bc5 4. Bc4 O-O 5. Nf3 Nh5 6. Nxe5 d6 7. Ng4 Nf4 8. Qf3
Nh5 9. O-O Bd7 10. Ne2 Qc8 11. Qf5 Bxf5 12. Nf4 Nxf4 13. d3 Bxg4 14. Bxf4 Qd8
15. Rae1 Bd4 0-1

[Event "AUTO-OPEN-979"]
[Site "http://www.queenalice.com/game.php?id=340300"]
[Date "2008.1.22"]
[Round "1"]
[White "joeking"]
[Black "brunnosgarcia"]
[Result "1-0"]
[WhiteElo "1469"]
[BlackElo "1120"]

1. e4 e5 2. Nf3 d6 3. d4 Nf6 4. Nc3 Nc6 5. Bc4 g5 6. Nxg5 Be6 7. Nxe6 fxe6 8.
Bxe6 Nxd4 9. Bc4 Qd7 10. Qd3 Qg4 11. O-O O-O-O 12. f3 1-0

[Event "AUTO-OPEN-979"]
[Site "http://www.queenalice.com/game.php?id=340301"]
[Date "2008.1.22"]
[Round "1"]
[White "brunnosgarcia"]
[Black "joeking"]
[Result "0-1"]
[WhiteElo "1118"]
[BlackElo "1471"]

1. e4 e5 2. f3 d5 3. Nc3 Nf6 4. d3 Bc5 5. b3 O-O 6. a4 Nh5 7. Nxd5 Qh4+ 8. g3
Nxg3 9. hxg3 Qxh1 10. Nh3 Bxh3 11. Qe2 Nc6 12. Nxc7 Nd4 0-1

[Event "AUTO-OPEN-979"]
[Site "http://www.queenalice.com/game.php?id=340330"]
[Date "2008.1.22"]
[Round "1"]
[White "brunnosgarcia"]
[Black "mvson33"]
[Result "0-1"]
[WhiteElo "1147"]
[BlackElo "1701"]

1. d4 Nf6 2. c3 e5 3. Nf3 exd4 4. Nxd4 Bc5 5. Nf5 O-O 6. Bg5 d6 7. Qd3 Nc6 8. g3
Ne5 9. Bh3 Nxd3+ 10. exd3 Re8+ 11. Kd1 Bxf5 12. Bxf5 Qe7 0-1

[Event "AUTO-OPEN-979"]
[Site "http://www.queenalice.com/game.php?id=340331"]
[Date "2008.1.22"]
[Round "1"]
[White "mvson33"]
[Black "brunnosgarcia"]
[Result "1-0"]
[WhiteElo "1699"]
[BlackElo "1149"]

1. e4 e5 2. d4 Bb4+ 3. c3 Ba5 4. Nf3 d6 5. h3 Qf6 6. Bg5 Qg6 7. Nbd2 h6 8. Bh4
Qe6 9. Bc4 Qd7 10. dxe5 dxe5 11. Nxe5 Qd6 12. Nxf7 Rh7 13. Nxd6+ 1-0

[Event "AUTO-OPEN-979"]
[Site "http://www.queenalice.com/game.php?id=340332"]
[Date "2008.1.22"]
[Round "1"]
[White "brunnosgarcia"]
[Black "emiliano"]
[Result "0-1"]
[WhiteElo "1164"]
[BlackElo "1867"]

1. e4 e5 2. f3 Nf6 3. Bc4 Nc6 4. d3 Bb4+ 5. c3 Ba5 6. Ne2 Bb6 7. Na3 Na5 8. Bb5
c6 9. Ba4 O-O 10. Ng3 d5 11. Qe2 c5 12. O-O c4+ 13. Kh1 cxd3 14. Qxd3 Bd7 15.
Bb5 a6 16. Bg5 Bxb5 17. Nxb5 axb5 0-1

[Event "AUTO-OPEN-979"]
[Site "http://www.queenalice.com/game.php?id=340333"]
[Date "2008.1.22"]
[Round "1"]
[White "emiliano"]
[Black "brunnosgarcia"]
[Result "1-0"]
[WhiteElo "1869"]
[BlackElo "1162"]

1. e4 e5 2. Nf3 Nc6 3. Bb5 Bc5 4. O-O a6 5. Bxc6 bxc6 6. Nxe5 f6 7. d4 Bd6 8.
Nf3 Nh6 9. Bxh6 gxh6 10. Nc3 Qe7 11. Re1 Qg7 12. g3 Qg4 13. e5 Qh3 14. exd6+ Kf7
15. Qe2 Rg8 16. Qe7+ Kg6 17. Nh4+ Kg5 18. Qe3+ 1-0

[Event "To virando Fregues ? \o/"]
[Site "http://www.queenalice.com/game.php?id=342048"]
[Date "2008.1.24"]
[Round "-"]
[White "fferraz"]
[Black "brunnosgarcia"]
[Result "1-0"]
[WhiteElo "1347"]
[BlackElo "1131"]

1. e3 Nc6 2. d4 d5 3. c4 e6 4. Qa4 Nf6 5. cxd5 Nxd5 6. Bb5 a6 7. Bxc6+ bxc6 8.
Qxc6+ Ke7 9. Qxa8 Nb6 10. Qc6 g6 11. Nf3 Bd7 12. Qc5+ Kf6 13. Qe5+ Ke7 14. Qxh8
Nd5 15. Ng5 f6 16. Qxh7+ Kd6 17. Nf7+ Kc6 18. Nxd8+ Kd6 19. Nc3 Nb4 20. Ne4+ Kd5
21. Nxf6+ Kc4 22. b3+ Kb5 23. Qxd7+ Kb6 24. Qxe6+ Ka7 25. a3 Nd3+ 26. Ke2 Nxc1+
27. Raxc1 Kb8 28. Nc6+ 1-0